000 01207nam a2200277 i 4500
001 186523
003 SpMaBN
005 20230906222704.0
008 161122s2009 sp abo c |||| | spa d
020 _a978-84-613-7173-0
080 _a913(569.44 J.)(084.12)(083.824)
080 _a391(569.4)"19"(083.824)
245 0 0 _aJerusalén :
_b[a principios del siglo XX, patrimonio y cultura] : [exposición] /
_c[traducciones, Catalina Martínez].
260 _aMadrid :
_bCasa Árabe-IEAM,
_c[2009]
300 _a2 v. :
_bil., fot. col. y n., 1 mapa ;
_c21 x 21 cm.
505 8 _aContiene: [1]. El vestido tradicional: patrimonio etnográfico y cultural de Palestina (23 p.) - [2]. Fotografía antigua en Jerusalén (63 p.)
650 4 _aTraje-
_zPalestina-
_vExposiciones.
_9161350
650 4 _aFotografía-
_zJerusalén-
_vExposiciones.
_9161351
651 4 _aJerusalén-
_vExposiciones.
_9161352
655 7 _2tgfbne
_9193628
_aCatálogos de exposiciones
700 1 _aMartínez Muñoz, Catalina.
_978271
710 2 _aCasa Árabe e Instituto Internacional de Estudios Árabes y del Mundo Musulmán.
_9148163
852 _aES-MaACL
_jL-30867-68
942 _2udc
999 _c186523
_d186523